Príjmy obyvateľstva ako faktor kvalitatívnych zmien rozvoja osobnej spotreby realizovanej cez vnútorný obchod habilitačná práca

Gespeichert in:
Bibliographische Detailangaben
1. Verfasser: Brezník, Jozef
Körperschaft: Vysoká škola ekonomická v Bratislave
Format: Buch
Sprache:Slowakisch
Veröffentlicht: Bratislava 1979
Schlagworte:
Tags: Tag hinzufügen
Keine Tags, Fügen Sie das erste Tag hinzu!

MARC

LEADER 00000nam a2200000 4500
001 c110789
005 20250908112249.6
041 0 |a slo 
044 |a SK 
245 1 0 |a Príjmy obyvateľstva ako faktor kvalitatívnych zmien rozvoja osobnej spotreby realizovanej cez vnútorný obchod  |b habilitačná práca  |c Jozef Brezník 
264 1 |a Bratislava  |c 1979 
300 |a 134 s. 
610 2 0 |a spotreba obyvateľstva 
610 2 0 |a príjmy 
610 2 0 |a príjmy obyvateľstva 
610 2 0 |a obchod vnútorný 
610 2 0 |a Slovensko 
610 2 0 |a spotreba osobná 
610 2 0 |a príjmy osobné 
610 2 0 |a diferenciácia mzdová 
610 2 0 |a úroveň životná 
610 2 0 |a výživa 
610 2 0 |a potraviny 
100 1 |a Brezník, Jozef 
710 2 |a Vysoká škola ekonomická v Bratislave